000 00893nam a2200241 a 4500
001 000025011
005 20200930023516.0
008 110208s1967 sp r 000 f spa d
040 _aDO-SdBNP
_bspa
_cBNPHU
041 1 7 _aspa
_heng
_2Código de idioma MARC
082 _a808.83
_bM516n
245 0 1 _aLas mejores novelas cortas :
_b24 maestros de la literatura universal contemporanea /
_ctraducción ; Miguel Giménez Sales ; prólogo de Erik Sandberg Diment.
260 _aBarcelona :
_bBruguera,
_c1967.
300 _a446, [1] p. ;
_c18 cm.
490 1 _aLibro Amigo
_v31
534 _aTítulo original:
_tWorld's best contemporary short stories.
650 4 _aNovela
_xColecciones
_99727
650 4 _aLiteratura
_xColecciones
_940253
700 1 _aGiménez Sales, Miguel
_etr.
_946678
700 1 _aErik Sandberg Diment
_epról.
_951322
830 0 _aLibro Amigo
_v31
_912825
049 _aBNGR
999 _c24504
_d24504